<?xml version="1.0" encoding="UTF-8"?><?xml-stylesheet type="text/xsl" href="static/style.xsl"?><OAI-PMH xmlns="http://www.openarchives.org/OAI/2.0/" xmlns:xsi="http://www.w3.org/2001/XMLSchema-instance" xsi:schemaLocation="http://www.openarchives.org/OAI/2.0/ http://www.openarchives.org/OAI/2.0/OAI-PMH.xsd"><responseDate>2026-06-05T12:28:18Z</responseDate><request verb="GetRecord" identifier="oai:riuma.uma.es:10630/31334" metadataPrefix="marc">https://riuma.uma.es/rest/oai/request</request><GetRecord><record><header><identifier>oai:riuma.uma.es:10630/31334</identifier><datestamp>2026-02-03T11:02:42Z</datestamp><setSpec>com_10630_2254</setSpec><setSpec>col_10630_37953</setSpec></header><metadata><record xmlns="http://www.loc.gov/MARC21/slim" xmlns:dcterms="http://purl.org/dc/terms/" xmlns:doc="http://www.lyncode.com/xoai" xmlns:xsi="http://www.w3.org/2001/XMLSchema-instance" xsi:schemaLocation="http://www.loc.gov/MARC21/slim http://www.loc.gov/standards/marcxml/schema/MARC21slim.xsd">
   <leader>00925njm 22002777a 4500</leader>
   <datafield ind2=" " ind1=" " tag="042">
      <subfield code="a">dc</subfield>
   </datafield>
   <datafield ind2=" " ind1=" " tag="720">
      <subfield code="a">Nieto Jiménez, José Carlos</subfield>
      <subfield code="e">author</subfield>
   </datafield>
   <datafield ind2=" " ind1=" " tag="260">
      <subfield code="c">2020-12</subfield>
   </datafield>
   <datafield ind2=" " ind1=" " tag="520">
      <subfield code="a">En el marco de la necesaria adaptación de la actividad parlamentaria a la emergencia&#xd;
sanitaria y al estado de alarma, en este artículo analizaremos una de las principales&#xd;
medidas adoptadas por el Parlamento de Andalucía. En concreto, nos referimos a la&#xd;
habilitación para convocar a la Diputación Permanente en una situación de estado de&#xd;
alarma, durante el periodo ordinario de sesiones. Analizaremos si la vía empleada para&#xd;
ello, una Resolución de la Presidencia, es conforme con el Estatuto de Autonomía y&#xd;
con el Reglamento, así como las consecuencias que de ella se derivan para los derechos&#xd;
fundamentales de los parlamentarios.</subfield>
   </datafield>
   <datafield ind1="8" ind2=" " tag="024">
      <subfield code="a">“Parlamento y crisis sanitaria: análisis constitucional de la Resolución de la Presidencia del Parlamento de Andalucía «sobre habilitación de la convocatoria de la Diputación Permanente en una situación de declaración de estado de alarma»”, Cuadernos Manuel Giménez Abad, núm. 20, págs. 253-270.</subfield>
   </datafield>
   <datafield ind1="8" ind2=" " tag="024">
      <subfield code="a">https://hdl.handle.net/10630/31334</subfield>
   </datafield>
   <datafield ind1="8" ind2=" " tag="024">
      <subfield code="a">10.47919/FMGA.CM20.0041</subfield>
   </datafield>
   <datafield tag="653" ind2=" " ind1=" ">
      <subfield code="a">Andalucía - Política y gobierno</subfield>
   </datafield>
   <datafield tag="653" ind2=" " ind1=" ">
      <subfield code="a">Poder legislativo</subfield>
   </datafield>
   <datafield tag="653" ind2=" " ind1=" ">
      <subfield code="a">Derecho y COVID-19</subfield>
   </datafield>
   <datafield tag="653" ind2=" " ind1=" ">
      <subfield code="a">Suspensión de derechos</subfield>
   </datafield>
   <datafield ind2="0" ind1="0" tag="245">
      <subfield code="a">Parlamento y crisis sanitaria: análisis constitucional de la Resolución de la Presidencia del Parlamento de Andalucía «sobre habilitación de la convocatoria de la Diputación Permanente en una situación de declaración de estado de alarma».</subfield>
   </datafield>
</record>
</metadata></record></GetRecord></OAI-PMH>